Shuffled State Names - Statistics

General Stats
  • This quiz has been taken 27 times
  • The average score is 12 of 15
Answer Stats
Answer % Correct
Arizona
100%
Arkansas
100%
Colorado
100%
Connecticut
100%
Georgia
100%
Indiana
100%
Iowa
100%
Kansas
100%
Louisiana
100%
Maine
100%
Massachusetts
100%
Michigan
100%
Missouri
100%
Montana
100%
Nevada
100%
New Mexico
100%
New York
100%
North Carolina
100%
Oklahoma
100%
Oregon
100%
Rhode Island
100%
South Carolina
100%
Tennessee
100%
Texas
100%
Vermont
100%
Virginia
100%
Washington
100%
Wisconsin
100%
Idaho
83%
Maryland
83%
Minnesota
83%
Alabama
75%
Hawaii
75%
Nebraska
75%
Alaska
67%
Delaware
67%
Florida
67%
Kentucky
67%
Mississippi
67%
New Jersey
67%
Ohio
67%
Pennsylvania
67%
South Dakota
67%
Utah
67%
Wyoming
67%
California
0%
Illinois
0%
New Hampshire
0%
North Dakota
0%
West Virginia
0%
No matching quizzes found
Score Distribution
Percent of People with Each Score
Percentile by Number Answered
Your Score History
You have not taken this quiz